Les grands opéras sans voyelles - Statistiques

Statistiques générales
  • Ce quiz a été pris 75 fois
  • Le résultat moyen est 29 sur 42
Statistiques - réponses
OPERA AUTEUR TITRE EXACT % Correct
CXRMXN Bizet Carmen
99%
LX BXHXMX Puccini La Bohême
91%
LX TRAVXXTX Verdi La Traviata
90%
LX TXSCA Puccini La Tosca
88%
MXCBXTH Verdi Macbeth
87%
XXDA Verdi Aïda
85%
FXXST Gounod Faust
85%
MXDXMX BXTTXRFLX Puccini Madame Butterfly
85%
LX JXCXNDX Ponchielli La Joconde
84%
WXRTHER Massenet Werther
84%
LXKME Delibes Lakmé
79%
LX WXLKXRXX Wagner La Walkyrie
76%
MXNXN Massenet Manon
76%
NXBXCCX Verdi Nabucco
75%
FXDXLXX Beethoven Fidelio
73%
LX NXRMX Bellini La Norma
73%
RXGXLXTTX Verdi Rigoletto
73%
SXXGFRXXD Wagner Siegfried
73%
XTXLLX Verdi Otello
70%
SXLXMX R. Strauss Salomé
70%
PRXNCX XGXR Borodine Prince Igor
69%
L'XFRXCXXNX Meyerbeer L'Africaine
67%
LX PRXPHXTX Meyerbeer Le Prophète
67%
MXPHXSTXPHXLXS Boito Méphistophelès
67%
TXRXNDXT Puccini Turandot
67%
XLCXSTX Gluck ou Lully Alceste
66%
FXLSTXFF Verdi Falstaff
66%
MXDXX Cherubini Médée
66%
MXGNXN Thomas Mignon
64%
HXRNXNX Verdi Hernani
61%
LXS HXGXXNXTS Meyerbeer Les Huguenots
61%
LX TRXXVXRX Verdi Le Trouvère
60%
LXHXNGRXN Wagner Lohengrin
58%
XRFXX Monteverdi Orfeo
58%
PXRSXFXL Wagner Parsifal
58%
LXS TRXXXNS Berlioz Les Troyens
57%
LX JXXVX Halévy La Juive
51%
LXS PXRXTXXNS Bellini Les Puritains
49%
MXRXXLLX Gounod Mireille
48%
LXXXSX Charpentier Louise
46%
XDXMXNXX Mozart Idoménée
40%
HXRXDXXDX Massenet Hérodiade
28%
Aucun quiz correspondant
Distribution des résultats
% des personnes avec chaque résultat
Percentile par nombre de réponses
Votre historique - résultats
Vous n’avez pas pris ce quiz